• 首页
  • 本馆介绍
  • 公告通知
  • 最新文献
  • 馆藏检索
  • 电子资源
  • 读者导购
  • 参考咨询
  • 我的图书馆
  • 登录
  • 详细信息显示
  • 放入我的书架
  • 预约/预借图书
  • 作者相关作品
  • 分类相关作品
  • 丛书相关作品
  • 出版社相关作品

书目信息

  • 表格格式
  • 工作单格式
  • 卡片格式
题名:
DIFFERENTIAL POLYNOMIALS OF MEROMORPHIC FUNCTIONS
    
 
作者: 庄圻泰 著
分册:  
出版信息: 北京   北京师范大学出版社  1999
页数: 202页
开本: 20cm
丛书名: 北京师范大学现代数学丛书
单 册:
中图分类: O171.32
科图分类:
主题词: 数学分析
电子资源:
ISBN: 7-303-05197-X
000 00624nam0 2200205 450
001 0732828906
005 20070903090708.90
010    @a7-303-05197-X@b精装@d¥12.00
100    @a20070903d km y0chiy0120 ea
101 0  @achi
200 1  @aDIFFERENTIAL POLYNOMIALS OF MEROMORPHIC FUNCTIONS@f庄圻泰著@Fzhuang qi tai zhu
210    @a北京@c北京师范大学出版社@d1999
215    @a202页@d20cm
225 2  @a北京师范大学现代数学丛书
410  0 @12001 @a北京师范大学现代数学丛书
606 0  @a数学分析
690    @aO171.32@v3
701  0 @a庄圻泰@Azhuang qi tai@4著
801  0 @aCN@bPFT@c20070903
905    @a213230@dO171.32@eS20@f1
    
    DIFFERENTIAL POLYNOMIALS OF MEROMORPHIC FUNCTIONS/庄圻泰著.-北京:北京师范大学出版社,1999
    202页;20cm.-(北京师范大学现代数学丛书)
    
    
    ISBN 7-303-05197-X(精装):¥12.00
    
●
相关链接 在E读中查询图书 在五车中查询图书 在当当中查询图书 在豆瓣中查询图书


正题名:DIFFERENTIAL POLYNOMIALS OF MEROMORPHIC FUNCTIONS     索取号:O171.32/S20         预约/预借

序号 登录号 条形码 馆藏地/架位号 状态 备注
1 6704242   267042425   密集书库-数信学院/ [索取号:O171.32/S20] 在馆    
2 6704243   267042434   密集书库-数信学院/ [索取号:O171.32/S20] 在馆    
3 6704244   267042443   密集书库-数信学院/ [索取号:O171.32/S20] 在馆    
唐山师范学院图书馆 欢迎您!
大连网信软件有限公司© 版权所有